| 000 | 00613nam a2200181 a 4500 | ||
|---|---|---|---|
| 001 | 000017008 | ||
| 005 | 20260417182716.0 | ||
| 008 | 100312s1976 dr a 000 0 spa d | ||
| 040 |
_aDO-SdBNP _bspa _cBNPHU |
||
| 082 |
_aRD860 _bM827e |
||
| 100 | 1 |
_aMora Serrano, Manuel, _c1933- _95162 |
|
| 245 | 1 | 0 |
_aEspañol 6° curso : _bliteratura dominicana e hispanoamericana / _cManuel Mora Serrano. |
| 260 |
_aSan Francisco de Macoris : _b[s.n.], _c[1976]. |
||
| 300 |
_a326 p. : _bil. ; _c24 cm. |
||
| 504 | _aBibliografia: p. 325-326 | ||
| 650 | 0 |
_aLiteratura dominicana. _967 |
|
| 650 | 0 |
_aLiteratura hispanoamericana _9318 |
|
| 999 |
_c16535 _d16535 |
||